000 01111cam a22002054a 4500
005 20250605164147.0
008 250528s ||||||||||||||||||||||||d
035 _a19209
020 _a803989091
040 _aGR-AtMCL
_bgre
_dGR-AtMCL
_eAACR2
245 1 _aMaking Sense of Illness / The Social Psychology of Health and Disease
250 _a1st
260 _bSage Publications,
_c1994
300 _a232
520 _aThis lucid introduction to the social psychology of health and illness addresses questions of how people make sense of illness in everyday life, either alone or with the help of others. Acknowledgements, Preface, Explaining Health and Illness: An Introduction, Illness and the Patient and Society, Ideas about Health and Staying Healthy, Recognizing Symptoms and Falling Ill, The Healing Relationship: Doctors and Patients and Nurses, Illness and Gender: Studying Women's Health, Chronic Illness and Social Support, Promoting Health and Preventing Disease, References, Author and Subject Index.
700 1 _aRadley Alan
_95449
942 _cBK
999 _c4477
_d4477